[Event "TUR-chT Clubs"]
[Site "Konya"]
[Date "2019.07.19"]
[Round "6.6"]
[White "Ozturkler, Baris"]
[Black "Aysoy, Veysi"]
[Result "1/2-1/2"]
[WhiteElo "1966"]
[BlackElo "1881"]
[PlyCount "87"]
[EventDate "2019.07.16"]
[EventType "team-swiss"]
[EventRounds "9"]
[EventCountry "TUR"]
[SourceTitle "CBM 191 Extra"]
[Source "ChessBase"]
[SourceDate "2019.09.30"]
[SourceVersion "1"]
[SourceVersionDate "2019.09.30"]
[SourceQuality "1"]
[WhiteTeam "Akcakoca Esentepe Okulu"]
[BlackTeam "Bitlis Ihtisas Egitim"]
[WhiteTeamCountry "TUR"]
[BlackTeamCountry "TUR"]

1. e4 d5 2. exd5 Nf6 3. d4 Nxd5 4. c4 Nb6 5. Nf3 g6 6. Nc3 Bg7 7. c5 Nd5 8. Bc4 Nxc3 9. bxc3 0-0 10. 0-0 Nc6 11. Re1 Bg4 12. Bg5 Bf6 13. Bxf6 exf6 14. h3 Bxf3 15. Qxf3 Na5 16. Bf1 Kg7 17. Rab1 Re8 18. Bb5 c6 19. Bd3 Qd7 20. g4 Rab8 21. Re3 Re6 22. Rbe1 Rbe8 23. R1e2 R8e7 24. a3 Rxe3 25. fxe3 Nb3 26. Bc4 Na5 27. Ba2 b6 28. Rf2 f5 29. gxf5 Qxf5 30. Qxf5 gxf5 31. Rxf5 Kg6 32. Bb1 Kg7 33. cxb6 axb6 34. Kf2 Nc4 35. Rf3 Ra7 36. Bd3 Nb2 37. Be4 c5 38. dxc5 bxc5 39. Rf5 Nd1+ 40. Kf3 Nxc3 41. Bc2 Ra5 42. a4 Nxa4 43. Bxa4 Rxa4 44. Rxc5 1/2-1/2

[Event "TUR-chT2"]
[Site "Konya"]
[Date "2017.07.14"]
[Round "8.8"]
[White "Mete, Onur Koray"]
[Black "Ozturkler, Baris"]
[Result "1-0"]
[WhiteElo "1748"]
[BlackElo "1997"]
[PlyCount "135"]
[EventDate "2017.07.09"]
[EventType "team-swiss"]
[EventRounds "9"]
[EventCountry "TUR"]
[SourceTitle "CBM 179 Extra"]
[Source "ChessBase"]
[SourceDate "2017.08.23"]
[SourceVersion "1"]
[SourceVersionDate "2017.08.23"]
[SourceQuality "1"]
[WhiteTeam "Derince Turgut"]
[BlackTeam "Genclik Merkezi Genc"]
[WhiteTeamCountry "TUR"]
[BlackTeamCountry "TUR"]

1. d4 d5 2. c4 c6 3. g3 Nf6 4. Bg2 dxc4 5. Nf3 Bf5 6. Ne5 e6 7. 0-0 Nbd7 8. Nxc4 Be7 9. Nc3 0-0 10. Bf4 Nb6 11. Ne5 Nbd5 12. Bd2 Qb6 13. Nxd5 cxd5 14. Bc3 Rfc8 15. Rc1 Ne4 16. Bxe4 Bxe4 17. Qd2 f6 18. Nd3 Bxd3 19. Qxd3 Rc6 20. Qd2 Rac8 21. Ba5 Qb5 22. Rxc6 Rxc6 23. Bc3 Qc4 24. a3 Qb3 25. Rc1 b6 26. e3 a5 27. Qd1 Qxd1+ 28. Rxd1 Bxa3 29. bxa3 Rxc3 30. Rb1 Rxa3 31. Rxb6 Kf7 32. Rb7+ Kg6 33. Rb6 Kf5 34. Rb7 Ke4 35. Kg2 e5 36. Rxg7 h5 37. Re7 Ra2 38. Re6 Kf5 39. Rd6 Ke4 40. Rxf6 exd4 41. Rf4+ Ke5 42. Rxd4 a4 43. Rh4 a3 44. Rxh5+ Ke6 45. Rh8 Ra1 46. h4 a2 47. Ra8 Kf6 48. g4 Kg6 49. Kf3 Kf6 50. Ra6+ Kg7 51. h5 Kh7 52. g5 Rg1 53. Rxa2 Rxg5 54. Ra6 Rxh5 55. Rd6 Kg7 56. Ke2 Kf7 57. Kd3 Ke7 58. Ra6 Rf5 59. f4 Kd7 60. Kd4 Ke7 61. Rg6 Kd7 62. Rg5 Rxg5 63. fxg5 Ke6 64. g6 Kf6 65. Kxd5 Kxg6 66. e4 Kf7 67. Kd6 Ke8 68. Ke6 1-0

[Event "TUR-chT2"]
[Site "Konya"]
[Date "2017.07.10"]
[Round "3.5"]
[White "Ozturkler, Baris"]
[Black "Angun, Batu"]
[Result "1/2-1/2"]
[WhiteElo "1997"]
[BlackElo "2037"]
[PlyCount "114"]
[EventDate "2017.07.09"]
[EventType "team-swiss"]
[EventRounds "9"]
[EventCountry "TUR"]
[SourceTitle "CBM 179 Extra"]
[Source "ChessBase"]
[SourceDate "2017.08.23"]
[SourceVersion "1"]
[SourceVersionDate "2017.08.23"]
[SourceQuality "1"]
[WhiteTeam "Genclik Merkezi Genc"]
[BlackTeam "Pendik Dernegi"]
[WhiteTeamCountry "TUR"]
[BlackTeamCountry "TUR"]

1. e4 c5 2. Nc3 d6 3. f4 g6 4. Nf3 Bg7 5. Bc4 e6 6. 0-0 Ne7 7. d3 0-0 8. Qe1 Nbc6 9. Qh4 Nd4 10. f5 d5 11. fxg6 fxg6 12. Bg5 dxc4 13. Bxe7 Nxf3+ 14. Rxf3 Qd4+ 15. Qf2 Rxf3 16. gxf3 b6 17. Rd1 Bb7 18. Qxd4 Bxd4+ 19. Kf1 cxd3 20. cxd3 Be5 21. h3 h6 22. Bh4 g5 23. Bf2 Rd8 24. Ke2 Ba6 25. a4 Bd4 26. Bxd4 Rxd4 27. Ke3 Kf7 28. b3 Kf6 29. Ne2 Rb4 30. Nc1 e5 31. Rd2 Bc8 32. Rh2 Be6 33. h4 Bxb3 34. hxg5+ Kxg5 35. Rg2+ Kf6 36. Rh2 Kg6 37. Rg2+ Kh7 38. f4 exf4+ 39. Kxf4 Bxa4 40. Kf5 Rb1 41. Ne2 Rf1+ 42. Nf4 Be8 43. Ke5 Bf7 44. Nd5 b5 45. Kd6 c4 46. dxc4 bxc4 47. e5 Bxd5 48. Kxd5 c3 49. e6 Re1 50. Kd6 h5 51. e7 h4 52. Kd7 Rd1+ 53. Kc7 Re1 54. Kd7 Rd1+ 55. Kc7 Re1 56. Kd7 Rd1+ 57. Kc7 Re1 1/2-1/2